000 00598nam a22001937a 4500
999 _c9429
_d9429
003 AR-CdUCM
008 190328b ||||| |||| 00| 0 spa d
040 _aMUNICIPALIDAD PROVINCIAL DEL CUSCO
_cBIBLIOTECA MUNICIPAL DEL CUSCO
082 _24ed.
_a160 /
_b L57 / 1933
100 _aLoyola L, Pedro Leon
_925611
245 _aCurso elemental de filosofia :
_bLógica formal /
260 _aChile :
_bEditorial Luz,
_c1933
300 _a99 paginas ;
_c18 cm.
505 _aContenido :Lógica Formal /
650 _aFilosofia
_9395
650 _aLogica
_92358
942 _2ddc
_cLIBROS
945 _arjall